000 00803nam a2200265Ia 4500
003 OSt
005 20220918164856.0
006 a|||||r|||| 00| 0
007 ta
008 220917b |||||||| |||| 00| 0 eng d
020 _a0804725608 (pbk)
024 _a19,813
037 _cTextual
040 _aARTS
_cARTS
_beng
041 _2eng
_aeng
082 _aW:2.49F, N5
100 _aAlagappa Muthiah ed
_921419
245 0 _aPolitical legitimacy in Southeast Asia
_b the quest for moral authority
260 _aStanford
_bStandord Univ Press
_c1995
300 _axiv,446p.
_ccm.
490 _aContemporary issues in Asia & the Pacific ed by Bruce M Koppel 1
650 _aPOLITICAL SCIENCE
942 _hW:2.49F, N5
_cTEXL
_2CC
999 _c127159
_d127159